Estudio vial de los centros escolares en el distrito II de la ciudad de Managua, Nicaragua
Con la finalidad del mejoramiento de calidad de vida en los ciudadanos del distrito II de Managua se realiza la investigación Estudio vial de los centros escolares en el distrito II de la ciudad de Managua. A lo largo de los años la urbanización y el desarrollo económico de las zonas urbanas con...
| Main Author: | |
|---|---|
| Other Authors: | |
| Format: | Tesis Section = Libro |
| Language: | Undetermined Spanish |
| Published: |
Managua
UNI
2019
|
| Subjects: |
| LEADER | 01187nam a2200253Ia 4500 | ||
|---|---|---|---|
| 008 | 240830s9999 xx 000 0 und d | ||
| 040 | |a BIBLIOTECA-RUPAP Mon 363.1251 A662 | ||
| 041 | |a spa | ||
| 082 | |a Mon 363.1251 A662 | ||
| 100 | 1 | |a Arana Martínez, Camilo Ernesto | |
| 245 | 1 | 0 | |a Estudio vial de los centros escolares en el distrito II de la ciudad de Managua, Nicaragua |
| 260 | |a Managua |b UNI |c 2019 | ||
| 300 | |a 52 p. :il. | ||
| 500 | |a Contiene: anexos y CD. | ||
| 502 | |a Tesis (Ingeniero Civil)- UNI, 2019. | ||
| 520 | 3 | |a Con la finalidad del mejoramiento de calidad de vida en los ciudadanos del distrito II de Managua se realiza la investigación Estudio vial de los centros escolares en el distrito II de la ciudad de Managua. A lo largo de los años la urbanización y el desarrollo económico de las zonas urbanas conlleva crecimiento tanto de la demanda por mejora de infraestructura como aumento del tránsito vial. | |
| 650 | 7 | |a INVENTARIO VIAL | |
| 650 | 7 | |b ESTUDIO DE TRANSITO | |
| 650 | 7 | |c ACCIDENTES DE TRANSITO | |
| 650 | 7 | |d SEÑALIZACION VIAL | |
| 700 | 1 | |a Tutor: |b Bustamante Arteaga, José Fernando | |
| 942 | |c BK |2 ddc | ||
| 991 | |a TESIS | ||
| 999 | |c 15516 | ||